000 00537nam a2200193Ia 4500
003 OSt
005 20250915115510.0
008 220923b |||||||| |||| 00| 0 eng d
037 _cGeneral Book
040 _aRTL
_cRTL
_beng
041 _2eng
_aeng
084 _aR K8/SC
_qRTL
100 _aWeil Simone
_976592
245 0 _aOn science , necessity, and the love of God.
260 _aLondon
_bOxford University Press
_c1968
300 _aix,390 p.
942 _hR, K8/SC
_cREF
_2CC
_n0
999 _c575884
_d575884